000 00777nam a2200253 a 4500
001 adlib96000001
003 ViArRB
005 200902210153555.7
008 960221s1955 dcuabcdjdbkoqu001 0deng d
020 _a817130799X
022 _a
040 _aAdlib
082 _aFM
245 _aTolstoy kathakal
250 _a5th
260 _aKottayam
_bD C Books
_c2006
300 _a211p.
_c
500 _a
100 _aTolstoy, Leo
_e
700 _aDamodaran Nair, K.N.
_a
942 _cBK
653 _aFiciton - Malayalam Literature
_aFiction- Malayalam Literature
_aFiction- Russian literature
_aChildren's literature- Malayalam
952 _w2010-06-16
_p00059537
_r2013-03-14
_40
_00
_bUL
_10
_oFM TOL/TK
_d2010-06-16
_q2013-03-30
_70
_yBK
_s2013-03-14
_l12
_aUL
999 _c54094
_d54093